[Event "3. ODEM U25 2006"]
[Site "Willingen GER"]
[Date "2006.06.04"]
[Round "2"]
[White "Schmalz, David"]
[Black "Wenninger, Philipp"]
[Result "1-0"]
[Termination "normal"]
[Board "27"]
[WhiteElo "1809"]
[BlackElo "1021"]
[PlyCount "35"]
[WhiteFideId "4642228"]
[BlackFideId "4648404"]
[EventCountry "GER"]
[EventRounds "9"]
[EventType "swiss"]
[EventDate "2006.06.03"]

1. e4 e5 2. Nf3 Nc6 3. Bc4 Bc5 4. c3 Nf6 5. d3 O-O 6. O-O b6 7. b4 Bd6 8. Bg5
h6 9. Bh4 Ne7 10. Bxf6 gxf6 11. Nh4 Ng6 12. Nxg6 b5 13. Bb3 Re8 14. Qh5 Kg7 15.
Nh4 Rf8 16. Nf5+ Kg8 17. Qg6+ Kh8 18. Qg7# 1-0

[Event "3. ODEM U25 2006"]
[Site "Willingen GER"]
[Date "2006.06.04"]
[Round "2"]
[White "Hinz, Arne"]
[Black "Usov, Andreas"]
[Result "1-0"]
[Termination "normal"]
[Board "28"]
[WhiteElo "1784"]
[BlackElo "1126"]
[PlyCount "129"]
[WhiteFideId "24634875"]
[BlackFideId "24601713"]
[EventCountry "GER"]
[EventRounds "9"]
[EventType "swiss"]
[EventDate "2006.06.03"]

1. e4 e5 2. Nf3 Nc6 3. Bb5 d6 4. d4 exd4 5. Nxd4 Bd7 6. Nxc6 Bxc6 7. Bxc6+ bxc6
8. O-O Nf6 9. Nc3 Be7 10. f4 d5 11. e5 Nd7 12. Qe2 d4 13. Ne4 Nc5 14. Nxc5 Bxc5
15. Qc4 Qd5 16. Qxd5 cxd5 17. Kh1 O-O 18. Bd2 Rab8 19. b3 Bb4 20. Rad1 Rb6 21.
Bxb4 Rxb4 22. a3 Rb6 23. Rxd4 Rc6 24. Rf2 Ra6 25. Rxd5 Rxa3 26. g3 f6 27. e6
Re8 28. f5 Kf8 29. Rd7 Ra1+ 30. Kg2 Re7 31. Rfd2 g6 32. Rxe7 Kxe7 33. Rd7+ Ke8
34. Rxh7 gxf5 35. Rxc7 a5 36. h4 Re1 37. Rc5 Rxe6 38. Rxa5 Re2+ 39. Kh3 Rxc2
40. Rxf5 Kf7 41. Kg4 Kg6 42. h5+ Kg7 43. Rb5 Rc3 44. Kf4 Kh6 45. g4 Rc1 46. Kf5
Rf1+ 47. Ke4 Re1+ 48. Kd3 Rg1 49. Rb4 Kg5 50. Rd4 Rg3+ 51. Kc4 Re3 52. b4 f5
53. gxf5 Kxf5 54. b5 Re6 55. Kc5 Ke5 56. Rd5+ Ke4 57. b6 Rh6 58. b7 Rh8 59. Kc6
Rh6+ 60. Rd6 Rh8 61. Kc7 Ke5 62. b8=Q Rxb8 63. Kxb8 Kxd6 64. h6 Ke6 65. h7 1-0

[Event "3. ODEM U25 2006"]
[Site "Willingen GER"]
[Date "2006.06.04"]
[Round "2"]
[White "Sieker, Roland"]
[Black "Naundorf, Jo-Jan"]
[Result "1-0"]
[Termination "normal"]
[Board "29"]
[WhiteElo "1984"]
[BlackElo "1244"]
[PlyCount "57"]
[WhiteFideId "24600261"]
[EventCountry "GER"]
[EventRounds "9"]
[EventType "swiss"]
[EventDate "2006.06.03"]

1. e4 c5 2. c3 d6 3. d4 cxd4 4. cxd4 Nf6 5. Nc3 g6 6. Nf3 Bg7 7. Bc4 O-O 8. O-O
Nc6 9. Be3 a6 10. a3 Bg4 11. h3 Bxf3 12. Qxf3 Nd7 13. Rad1 e6 14. Qe2 Nb6 15.
Ba2 Qc7 16. Kh1 h6 17. Qd2 Rad8 18. Bxh6 Rfe8 19. Bxg7 Kxg7 20. Rc1 Qe7 21. d5
Ne5 22. f4 Ned7 23. dxe6 fxe6 24. f5 exf5 25. exf5 gxf5 26. Rxf5 Rf8 27. Rg5+
Kh8 28. Rh5+ Kg7 29. Qh6# 1-0

[Event "3. ODEM U25 2006"]
[Site "Willingen GER"]
[Date "2006.06.04"]
[Round "2"]
[White "Emde, Daniel"]
[Black "Weißbeck, Joachim Daniel"]
[Result "1-0"]
[Termination "normal"]
[Board "30"]
[WhiteElo "1636"]
[BlackElo "1233"]
[PlyCount "65"]
[WhiteFideId "24602221"]
[BlackFideId "4639227"]
[EventCountry "GER"]
[EventRounds "9"]
[EventType "swiss"]
[EventDate "2006.06.03"]

1. d4 f5 2. c4 Nf6 3. Nc3 g6 4. Bf4 Bg7 5. Nf3 O-O 6. e3 d6 7. Be2 Qe8 8. O-O
Nfd7 9. d5 e5 10. dxe6 Nf6 11. Nd5 Nxd5 12. cxd5 Bxb2 13. Rb1 Bg7 14. Bb5 c6
15. dxc6 Nxc6 16. Bxd6 Rf6 17. e7 Bd7 18. Bc4+ Kh8 19. Rxb7 Na5 20. Ba6 Re6 21.
Rc7 Nc6 22. Bb7 Rb8 23. Ng5 Rf6 24. Bxc6 Bxc6 25. Rxc6 Ra8 26. Rc7 h6 27. Nf3
Rf7 28. Bc5 a6 29. Rd7 Bf6 30. Bd4 Bxd4 31. Qxd4+ Kh7 32. Rd8 Rxd8 33. exd8=Q
1-0

[Event "3. ODEM U25 2006"]
[Site "Willingen GER"]
[Date "2006.06.04"]
[Round "2"]
[White "Völz, Michael"]
[Black "Zimmerer, David"]
[Result "1/2-1/2"]
[Termination "normal"]
[Board "32"]
[WhiteElo "1629"]
[BlackElo "1226"]
[PlyCount "86"]
[WhiteFideId "24640107"]
[BlackFideId "4620224"]
[EventCountry "GER"]
[EventRounds "9"]
[EventType "swiss"]
[EventDate "2006.06.03"]

1. e4 c5 2. Nf3 Nc6 3. Bb5 e6 4. O-O Nge7 5. c3 g6 6. d4 cxd4 7. cxd4 Bg7 8.
Nc3 d5 9. Bf4 O-O 10. Bxc6 Nxc6 11. exd5 exd5 12. h3 a6 13. Re1 Be6 14. Qd2 Rc8
15. Bh6 Qf6 16. Bxg7 Kxg7 17. Ne5 Rfd8 18. Na4 Rc7 19. Nc5 Rdc8 20. Rac1 Qe7
21. Nf3 Qf6 22. Ne5 Qh4 23. Nxe6+ fxe6 24. Nf3 Qf6 25. Rc3 h6 26. Rec1 Qf7 27.
Qc2 Qf5 28. Qxf5 exf5 29. Ne5 Kf6 30. Kf1 g5 31. Ke1 Ke6 32. Kd2 Kd6 33. Nxc6
Rxc6 34. Kd3 Rxc3+ 35. Rxc3 Rxc3+ 36. bxc3 b5 37. a3 a5 38. g3 a4 39. f4 gxf4
40. gxf4 Ke6 41. Ke3 Kf6 42. Kf3 Kg6 43. Kg3 Kg7 1/2-1/2

[Event "3. ODEM U25 2006"]
[Site "Willingen GER"]
[Date "2006.06.04"]
[Round "2"]
[White "Knies, Jonas"]
[Black "Weber, Andre"]
[Result "0-1"]
[Termination "normal"]
[Board "33"]
[WhiteElo "1191"]
[BlackElo "1611"]
[PlyCount "28"]
[WhiteFideId "4635167"]
[BlackFideId "24677515"]
[EventCountry "GER"]
[EventRounds "9"]
[EventType "swiss"]
[EventDate "2006.06.03"]

1. e4 c5 2. Nf3 e6 3. d4 cxd4 4. Nxd4 a6 5. Nc3 Qc7 6. Be3 Nf6 7. f3 Bb4 8. Qd2
d5 9. Bd3 Nc6 10. a3 Be7 11. O-O-O e5 12. Nxd5 Nxd5 13. exd5 Nxd4 14. f4 Nb3+
0-1

[Event "3. ODEM U25 2006"]
[Site "Willingen GER"]
[Date "2006.06.04"]
[Round "2"]
[White "Durmisi, Valon"]
[Black "Hauffen, Kai"]
[Result "1/2-1/2"]
[Termination "normal"]
[Board "34"]
[WhiteElo "1570"]
[BlackElo "1218"]
[PlyCount "122"]
[EventCountry "GER"]
[EventRounds "9"]
[EventType "swiss"]
[EventDate "2006.06.03"]

1. e4 c5 2. Nf3 d6 3. d4 cxd4 4. Nxd4 Nf6 5. Nc3 a6 6. Be3 e6 7. Be2 Be7 8. O-O
b5 9. a3 Bb7 10. f3 Nbd7 11. Bd3 O-O 12. Nce2 d5 13. Ng3 Qc7 14. Rc1 Nc5 15.
Nb3 dxe4 16. Qe2 exd3 17. cxd3 Nfd7 18. d4 Bd5 19. Nxc5 Nxc5 20. dxc5 Bc4 21.
Rxc4 bxc4 22. Qxc4 Rfc8 23. b4 a5 24. Ne4 axb4 25. axb4 Ra3 26. Bc1 Ra4 27. Bd2
Bd6 28. h3 Bf4 29. Nf6+ gxf6 30. Bxf4 Qb7 31. Bd2 Rd8 32. Rd1 Rxb4 33. Qxb4
Qxb4 34. Bxb4 Rxd1+ 35. Kf2 Rb1 36. Ba5 Rb5 37. Bb6 Kf8 38. Bc7 Rb2+ 39. Kg3
Rc2 40. h4 Ke8 41. Bd6 Kd7 42. Kh3 e5 43. g3 Ke6 44. Kg4 f5+ 45. Kh5 Rc3 46. g4
Rxf3 47. g5 e4 48. Bc7 e3 49. Ba5 e2 50. c6 Kd6 51. c7 Kd7 52. Kh6 Re3 53.
c8=Q+ Kxc8 54. Be1 Re7 55. Kxh7 f6+ 56. Kg6 fxg5 57. hxg5 f4 58. Kf6 Kd7 59. g6
Kd6 60. Bb4+ Kd7 61. Be1 Kd6 1/2-1/2

[Event "3. ODEM U25 2006"]
[Site "Willingen GER"]
[Date "2006.06.04"]
[Round "2"]
[White "Heinrich, Philipp"]
[Black "Tiemann, Christoph"]
[Result "0-1"]
[Termination "normal"]
[Board "35"]
[WhiteElo "1180"]
[BlackElo "1536"]
[PlyCount "56"]
[BlackFideId "24676900"]
[EventCountry "GER"]
[EventRounds "9"]
[EventType "swiss"]
[EventDate "2006.06.03"]

1. e4 c5 2. Nf3 Nc6 3. c3 d5 4. Bd3 Bg4 5. Qe2 e6 6. h3 Bh5 7. O-O Be7 8. Bb5
Nf6 9. d3 a6 10. Bxc6+ bxc6 11. e5 Nd7 12. d4 cxd4 13. cxd4 O-O 14. Nc3 c5 15.
Be3 Qc7 16. Rfc1 c4 17. b3 Ba3 18. Rc2 Bg6 19. g4 Bd3 20. Qd1 Bxc2 21. Qxc2
cxb3 22. axb3 Bb4 23. Rc1 Rfc8 24. Bd2 a5 25. Ne1 Ra6 26. Nb5 Qxc2 27. Rxc2
Rxc2 28. Nxc2 Bxd2 0-1

[Event "3. ODEM U25 2006"]
[Site "Willingen GER"]
[Date "2006.06.04"]
[Round "2"]
[White "Kamrla, Robin"]
[Black "Imcke, Patrick"]
[Result "1-0"]
[Termination "normal"]
[Board "36"]
[WhiteElo "1532"]
[BlackElo "1186"]
[PlyCount "67"]
[BlackFideId "4622502"]
[EventCountry "GER"]
[EventRounds "9"]
[EventType "swiss"]
[EventDate "2006.06.03"]

1. e4 e6 2. d4 d5 3. e5 c5 4. c3 Nc6 5. Nf3 Bd7 6. Be3 Qb6 7. Qc2 Nh6 8. a3 a5
9. Bd3 Nd8 10. O-O Nf5 11. Bxf5 exf5 12. Nh4 g6 13. Nd2 Ne6 14. Nhf3 f4 15.
dxc5 Bxc5 16. Bxc5 Qxc5 17. Rac1 Rc8 18. Qb3 Bb5 19. Rfe1 g5 20. h3 Ba6 21. Nd4
Ng7 22. N2f3 Ne6 23. Nxe6 fxe6 24. Nxg5 Ke7 25. Qd1 Qb5 26. Qg4 Qb6 27. Qxf4
Rcf8 28. Qd4 Qxb2 29. Qc5+ Ke8 30. Qc8+ Ke7 31. Qxe6+ Kd8 32. Qxd5+ Kc8 33.
Qc5+ Kb8 34. Ne6 1-0

[Event "3. ODEM U25 2006"]
[Site "Willingen GER"]
[Date "2006.06.04"]
[Round "2"]
[White "Berger, Manuel"]
[Black "Rummer, Evi"]
[Result "0-1"]
[Termination "normal"]
[Board "37"]
[WhiteElo "1129"]
[BlackElo "1530"]
[PlyCount "72"]
[WhiteFideId "24692506"]
[BlackFideId "12900117"]
[EventCountry "GER"]
[EventRounds "9"]
[EventType "swiss"]
[EventDate "2006.06.03"]

1. c4 e5 2. Nc3 Nf6 3. e4 Bc5 4. g3 d6 5. h3 Nc6 6. Bg2 Be6 7. d3 O-O 8. Nge2
Re8 9. O-O h6 10. a3 a5 11. Kh2 Ne7 12. f4 exf4 13. gxf4 Nc6 14. d4 Nxd4 15.
Nxd4 Bxc4 16. Re1 d5 17. e5 Ne4 18. Nxe4 dxe4 19. Nc2 Qh4 20. Rxe4 Rad8 21. Qg4
Qxg4 22. hxg4 Bd3 23. Ra4 Bxc2 24. Rxa5 b6 25. Ra7 Bd1 26. Kg3 Rd3+ 27. Kh4
Bf2+ 28. Kh5 Rg3 29. Be3 Rxg2 30. Bxf2 Rh2+ 31. Bh4 g6+ 32. Kxh6 Rxh4+ 33. Kg5
Rxg4+ 34. Kh6 Rh4+ 35. Kg5 Rh5+ 36. Kf6 Re6# 0-1

[Event "3. ODEM U25 2006"]
[Site "Willingen GER"]
[Date "2006.06.04"]
[Round "2"]
[White "Srokovskiy, Alexander"]
[Black "Gussenberg, Torben"]
[Result "1-0"]
[Termination "normal"]
[Board "38"]
[WhiteElo "1493"]
[BlackElo "1140"]
[PlyCount "81"]
[WhiteFideId "24676330"]
[EventCountry "GER"]
[EventRounds "9"]
[EventType "swiss"]
[EventDate "2006.06.03"]

1. e4 d5 2. exd5 Qxd5 3. Nc3 Qa5 4. Bc4 Nf6 5. d3 Nc6 6. Bd2 Qc5 7. Qe2 Nd4 8.
Qd1 Bg4 9. f3 Bh5 10. Nge2 O-O-O 11. Nxd4 Qxd4 12. Qe2 a6 13. O-O-O e6 14. h4
h6 15. g4 Nxg4 16. Bxe6+ fxe6 17. Qxe6+ Qd7 18. Qxd7+ Rxd7 19. fxg4 Bxg4 20.
Rdg1 h5 21. Re1 Bc5 22. Bg5 Rf8 23. Ne4 Bb6 24. Rhf1 Rdf7 25. Rh1 Rf3 26. Kd2
R8f7 27. c3 Rd7 28. Nc5 Rf2+ 29. Kc1 Re2 30. Nxd7 Kxd7 31. Rxe2 Bxe2 32. d4 c5
33. Re1 Bg4 34. Re7+ Kc6 35. d5+ Kxd5 36. Rxb7 Kc6 37. Rxg7 Bc7 38. Rg6+ Kb5
39. a4+ Ka5 40. b3 Be5 41. Bd8+ 1-0

[Event "3. ODEM U25 2006"]
[Site "Willingen GER"]
[Date "2006.06.04"]
[Round "2"]
[White "Dräger, Julian"]
[Black "Schäfer, Simon"]
[Result "0-1"]
[Termination "normal"]
[Board "39"]
[WhiteElo "1125"]
[BlackElo "1488"]
[PlyCount "176"]
[EventCountry "GER"]
[EventRounds "9"]
[EventType "swiss"]
[EventDate "2006.06.03"]

1. e4 c5 2. Nf3 d6 3. d4 cxd4 4. Nxd4 Nf6 5. Nc3 Nc6 6. f3 Bd7 7. Be3 g6 8. Qd2
Nxd4 9. Bxd4 Bg7 10. h4 O-O 11. O-O-O a6 12. e5 dxe5 13. Bxe5 Bc6 14. Qf4 Qc8
15. Rg1 Nh5 16. Qe3 Qe6 17. f4 Bh6 18. Rd4 f6 19. Bc4 Qxc4 20. Rxc4 fxe5 21. g3
exf4 22. gxf4 Rxf4 23. Qe6+ Rf7+ 24. Kb1 Raf8 25. b3 Kh8 26. Rcg4 Bg7 27. Kb2
Nf6 28. Rf4 Bd5 29. Qe1 Ne4 30. Rxe4 Bxe4 31. Qxe4 Rf3 32. Qxe7 Bxc3+ 33. Ka3
R3f5 34. Rg5 a5 35. Qxb7 Rf4 36. h5 Bd2 37. c4 R4f7 38. Qd5 Bxg5 39. Qxg5 Rf5
40. Qe7 gxh5 41. c5 R8f7 42. Qd6 R7f6 43. Qd4 Rf4 44. Qe5 R4f5 45. Qd4 Rf4 46.
Qd8+ Kg7 47. Qxa5 h4 48. Qe1 h5 49. b4 Ra6+ 50. Kb3 Rf3+ 51. Kb2 h3 52. b5 Raf6
53. Qe7+ Kg6 54. Qe8+ Kg7 55. Qxh5 h2 56. b6 R6f5 57. Qg4+ Kf7 58. Qc4+ Kg7 59.
b7 h1=Q 60. b8=Q Qg2+ 61. Qc2 Rf2 62. Qc7+ Kh6 63. Qd6+ Qg6 64. Qxg6+ Kxg6 65.
Qxf2 Rxf2+ 66. Kb3 Kf6 67. a4 Ke6 68. Kb4 Kd7 69. Kb5 Kc7 70. a5 Ra2 71. c6 Ra1
72. a6 Ra2 73. a7 Rxa7 74. Kc5 Ra6 75. Kb5 Rxc6 76. Kb4 Kd6 77. Kb5 Kd5 78. Kb4
Rc5 79. Kb3 Rc4 80. Kb2 Kd4 81. Kb3 Kd3 82. Kb2 Rc3 83. Kb1 Kc4 84. Kb2 Kb4 85.
Ka2 Rb3 86. Ka1 Kc3 87. Ka2 Kc2 88. Ka1 Ra3# 0-1

[Event "3. ODEM U25 2006"]
[Site "Willingen GER"]
[Date "2006.06.04"]
[Round "2"]
[White "Wisheckel, Florian"]
[Black "Stövesand, Peter"]
[Result "1-0"]
[Termination "normal"]
[Board "40"]
[WhiteElo "1482"]
[BlackElo "1050"]
[PlyCount "147"]
[WhiteFideId "24678090"]
[BlackFideId "1270624"]
[EventCountry "GER"]
[EventRounds "9"]
[EventType "swiss"]
[EventDate "2006.06.03"]

1. e4 e5 2. Nf3 Nc6 3. Nc3 Nf6 4. d3 d5 5. Bg5 dxe4 6. Nxe4 Bg4 7. h3 Bh5 8.
Bxf6 gxf6 9. Be2 Bxf3 10. Bxf3 f5 11. Nc3 Bb4 12. O-O Qg5 13. Qe2 f6 14. Bxc6+
bxc6 15. f4 Qg6 16. fxe5 Bc5+ 17. Kh1 O-O-O 18. exf6 Qxf6 19. Qf3 Rdf8 20. Ne4
Qe5 21. Nxc5 Qxc5 22. Qf2 Qxf2 23. Rxf2 Rhg8 24. Raf1 Rg5 25. g4 Kd7 26. Kh2
Ke6 27. Kg3 Ke5 28. Re1+ Kd6 29. Ref1 Ke5 30. Rf4 c5 31. c3 h6 32. d4+ cxd4 33.
Rxd4 Rfg8 34. Re1+ Kf6 35. Rf4 h5 36. Rc4 hxg4 37. Rc6+ Kf7 38. Rxc7+ Kf6 39.
Rc6+ Kf7 40. h4 Rh5 41. Rc7+ Kf6 42. Rxa7 f4+ 43. Kxf4 Rxh4 44. Ra6+ Kf7 45.
Kg3 Rh3+ 46. Kg2 Rd8 47. Rae6 Rd2+ 48. R6e2 Rdd3 49. Rg1 Rdg3+ 50. Kf1 Rxg1+
51. Kxg1 g3 52. Kg2 Rh2+ 53. Kf3 g2 54. Rxg2 Rh1 55. Rf2 Ra1 56. b4 Rc1 57.
Ke4+ Ke6 58. Re2 Kd6 59. Kd4 Rd1+ 60. Kc4 Ra1 61. Kb5 Rc1 62. c4 Rc3 63. a4 Rf3
64. c5+ Kd7 65. Rd2+ Kc7 66. a5 Rf5 67. Rd6 Rg5 68. a6 Kb8 69. Kb6 Rg8 70. c6
Rc8 71. a7+ Ka8 72. c7 Rxc7 73. Rd8+ Rc8 74. Rxc8# 1-0

[Event "3. ODEM U25 2006"]
[Site "Willingen GER"]
[Date "2006.06.04"]
[Round "2"]
[White "Bauer, Hermann"]
[Black "Müller, Alexander"]
[Result "1-0"]
[Termination "normal"]
[Board "41"]
[WhiteElo "1022"]
[BlackElo "1469"]
[PlyCount "47"]
[WhiteFideId "24601730"]
[BlackFideId "4624696"]
[EventCountry "GER"]
[EventRounds "9"]
[EventType "swiss"]
[EventDate "2006.06.03"]

1. d4 Nf6 2. Nc3 d5 3. e4 Nxe4 4. Nxe4 dxe4 5. Bc4 e6 6. f3 Nc6 7. c3 Be7 8.
fxe4 Bg5 9. Nf3 Bxc1 10. Rxc1 Na5 11. Qa4+ c6 12. Bd3 b5 13. Qc2 Bd7 14. O-O
Nb7 15. Ne5 O-O 16. Nxd7 Qxd7 17. e5 h6 18. Rf3 Qe7 19. Rcf1 a6 20. Rg3 c5 21.
Rf6 Kh8 22. Qd2 Qd8 23. Qxh6+ gxh6 24. Rxh6# 1-0

[Event "3. ODEM U25 2006"]
[Site "Willingen GER"]
[Date "2006.06.04"]
[Round "2"]
[White "Huynh, Nhi Lang"]
[Black "Tiemann, Tobias"]
[Result "1-0"]
[Termination "normal"]
[Board "42"]
[WhiteElo "1464"]
[BlackElo "989"]
[PlyCount "111"]
[WhiteFideId "24669180"]
[BlackFideId "4642350"]
[EventCountry "GER"]
[EventRounds "9"]
[EventType "swiss"]
[EventDate "2006.06.03"]

1. c4 e5 2. Nc3 Nf6 3. g3 Bc5 4. d3 Nc6 5. Bg5 h6 6. Bd2 O-O 7. Bg2 d6 8. Qc1
Kh7 9. Ne4 Nxe4 10. Bxe4+ f5 11. Bg2 Qf6 12. e3 Bd7 13. Ne2 Rab8 14. Bc3 Bb4
15. O-O a6 16. Bxc6 Bxc3 17. Bxd7 Ba5 18. Ba4 b5 19. cxb5 axb5 20. Bc2 Qg5 21.
Rb1 Rf6 22. d4 Rbf8 23. dxe5 dxe5 24. b4 Bb6 25. Bd3 c6 26. Qc3 e4 27. Bc2 Kh8
28. Qe5 Qg4 29. Nf4 R6f7 30. h4 Bc7 31. Qxc7 Rxc7 32. Bd1 Qxf4 33. exf4 Rg8 34.
Bb3 Re8 35. Rfe1 Rce7 36. Rbd1 Kh7 37. f3 exf3 38. Rxe7 Rxe7 39. Kf2 Re4 40.
Rd6 Rxb4 41. Rxc6 Rd4 42. Rc5 g5 43. Rxf5 g4 44. Rxb5 Rd2+ 45. Kf1 Rg2 46. f5
Kg7 47. Rb7+ Kf6 48. Rf7+ Ke5 49. f6 Kf5 50. Rf8 Rd2 51. f7 Rd7 52. Rh8 Rxf7
53. Bxf7 Ke4 54. Rxh6 Ke3 55. Re6+ Kd4 56. h5 1-0

[Event "3. ODEM U25 2006"]
[Site "Willingen GER"]
[Date "2006.06.04"]
[Round "2"]
[White "Scheidel, Marius"]
[Black "Wierum, Colin"]
[Result "1/2-1/2"]
[Termination "normal"]
[Board "43"]
[WhiteElo "1014"]
[BlackElo "1459"]
[PlyCount "85"]
[BlackFideId "24677981"]
[EventCountry "GER"]
[EventRounds "9"]
[EventType "swiss"]
[EventDate "2006.06.03"]

1. d4 d5 2. Bf4 e6 3. e3 f5 4. Nd2 Nf6 5. Ngf3 Be7 6. Ne5 O-O 7. c3 Bd7 8. Qb3
Qc8 9. Be2 Be8 10. a4 Nbd7 11. O-O h6 12. h3 g5 13. Bh2 h5 14. f3 Nxe5 15. dxe5
Nd7 16. f4 g4 17. hxg4 hxg4 18. Bg3 Kg7 19. Kf2 Bf7 20. Rh1 Nc5 21. Qc2 Qd7 22.
b4 Ne4+ 23. Nxe4 dxe4 24. Bh4 Bxh4+ 25. Rxh4 Qe7 26. Rah1 Rh8 27. Rxh8 Rxh8 28.
Rxh8 Kxh8 29. g3 Be8 30. a5 Qh7 31. Bf1 Qd7 32. Be2 a6 33. Ke1 Kg7 34. Qd2 Kf7
35. Qxd7+ Bxd7 36. Kd2 Ke7 37. Kc2 Kd8 38. Kb3 Kc8 39. c4 b6 40. c5 Kb7 41.
cxb6 cxb6 42. axb6 Kxb6 43. Bc4 1/2-1/2

[Event "3. ODEM U25 2006"]
[Site "Willingen GER"]
[Date "2006.06.04"]
[Round "2"]
[White "Kahleys, Kevin"]
[Black "Groß, Jonathan"]
[Result "1-0"]
[Termination "normal"]
[Board "45"]
[WhiteElo "1448"]
[BlackElo "1008"]
[PlyCount "89"]
[WhiteFideId "24669601"]
[EventCountry "GER"]
[EventRounds "9"]
[EventType "swiss"]
[EventDate "2006.06.03"]

1. e4 e5 2. Nf3 Nc6 3. d4 exd4 4. c3 Nf6 5. Bg5 Bc5 6. cxd4 Bb4+ 7. Nc3 h6 8.
Bh4 d5 9. e5 Qe7 10. Qe2 Bg4 11. exf6 Qxe2+ 12. Bxe2 g6 13. O-O O-O-O 14. a3
Ba5 15. Rad1 Bb6 16. Ne5 Nxe5 17. dxe5 Bxe2 18. Nxe2 Rhe8 19. Bg3 c6 20. Nd4
Bc7 21. f4 Bb6 22. Kh1 Bxd4 23. Rxd4 c5 24. Rdd1 Re6 25. Rc1 b6 26. b3 Kb7 27.
a4 d4 28. Rfd1 d3 29. Rd2 Kc6 30. Rcd1 Rd4 31. Rxd3 Kd5 32. Rxd4+ cxd4 33. Bf2
Ke4 34. Rxd4+ Kf5 35. h3 g5 36. g4+ Kg6 37. f5+ Kh7 38. fxe6 fxe6 39. Rd7+ Kg8
40. Rxa7 Kf8 41. f7 Kg7 42. Bxb6 h5 43. Bc5 h4 44. f8=N+ Kh6 45. Rh7# 1-0

[Event "3. ODEM U25 2006"]
[Site "Willingen GER"]
[Date "2006.06.04"]
[Round "2"]
[White "Plumbaum, Nadja"]
[Black "Maier, Marius"]
[Result "0-1"]
[Termination "normal"]
[Board "46"]
[WhiteElo "971"]
[BlackElo "1439"]
[PlyCount "64"]
[WhiteFideId "24691941"]
[EventCountry "GER"]
[EventRounds "9"]
[EventType "swiss"]
[EventDate "2006.06.03"]

1. c4 e6 2. Nc3 d5 3. cxd5 exd5 4. Nf3 Nf6 5. d4 c6 6. g3 Bf5 7. Bg2 h6 8. O-O
Bd6 9. Nd2 O-O 10. Qb3 Qb6 11. Qxb6 axb6 12. Nf3 Na6 13. a3 Rfe8 14. e3 b5 15.
Bd2 b4 16. axb4 Nxb4 17. Nh4 Bh7 18. Bh3 Bf8 19. Nf3 Nd3 20. b3 g5 21. Bg2 Bd6
22. Na4 Ra6 23. Ra2 Rea8 24. Rfa1 Nb4 25. Rb2 b5 26. Bxb4 Bxb4 27. Rc1 bxa4 28.
bxa4 Ba3 29. Rbc2 Bxc2 30. Rxc2 Bd6 31. Bf1 Rb6 32. Bh3 g4 0-1

[Event "3. ODEM U25 2006"]
[Site "Willingen GER"]
[Date "2006.06.04"]
[Round "2"]
[White "Kinzel, Franziska"]
[Black "Worpenberg, Matthias"]
[Result "1-0"]
[Termination "normal"]
[Board "47"]
[WhiteElo "1426"]
[BlackElo "951"]
[PlyCount "65"]
[BlackFideId "24618128"]
[EventCountry "GER"]
[EventRounds "9"]
[EventType "swiss"]
[EventDate "2006.06.03"]

1. e4 d5 2. e5 c5 3. f4 Bf5 4. Ne2 Nc6 5. Ng3 Bg6 6. f5 Bxf5 7. Nxf5 Nxe5 8.
Bb5+ Nc6 9. d4 e6 10. Ng3 Qc7 11. O-O Nge7 12. dxc5 a6 13. Bxc6+ Nxc6 14. Bf4
Bxc5+ 15. Kh1 Qb6 16. b3 Bd4 17. c3 Bf6 18. Nh5 Bh4 19. Nxg7+ Kf8 20. Bh6 Bf2
21. Qf3 Ke7 22. Rxf2 Ne5 23. Qf6+ Kd6 24. Nf5+ Kc7 25. Nd4 Ng4 26. Qxf7+ Kb8
27. Qf4+ Ka7 28. Qxg4 e5 29. Be3 exd4 30. Bxd4 Qxd4 31. Qxd4+ b6 32. Rf7+ Kb8
33. Qxh8# 1-0

[Event "3. ODEM U25 2006"]
[Site "Willingen GER"]
[Date "2006.06.04"]
[Round "2"]
[White "Neumair, Dorian"]
[Black "Balkan, Levent"]
[Result "0-1"]
[Termination "normal"]
[Board "48"]
[WhiteElo "950"]
[BlackElo "1380"]
[PlyCount "51"]
[EventCountry "GER"]
[EventRounds "9"]
[EventType "swiss"]
[EventDate "2006.06.03"]

1. e4 e5 2. Nf3 Nc6 3. Nc3 Bc5 4. Bc4 Nf6 5. d3 d6 6. Be3 Bb6 7. Qd2 Ba5 8. a3
Bg4 9. Qe2 Nd4 10. Qd1 O-O 11. h3 Bxf3 12. gxf3 c5 13. b4 cxb4 14. axb4 Bxb4
15. Bd2 a5 16. O-O Nh5 17. Nd5 Bxd2 18. Qxd2 Nxf3+ 19. Kg2 Nxd2 20. Rfd1 Qg5+
21. Kh1 Nf3 22. d4 Nf4 23. Rg1 Nxg1 24. Rxg1 Qh4 25. Ne7+ Kh8 26. Nf5 0-1

[Event "3. ODEM U25 2006"]
[Site "Willingen GER"]
[Date "2006.06.04"]
[Round "2"]
[White "Vetter, Ulf"]
[Black "Giesen, Frank"]
[Result "1-0"]
[Termination "normal"]
[Board "49"]
[WhiteElo "1376"]
[BlackElo "901"]
[PlyCount "57"]
[EventCountry "GER"]
[EventRounds "9"]
[EventType "swiss"]
[EventDate "2006.06.03"]

1. e4 e5 2. Nf3 Nc6 3. Bc4 Bc5 4. Nc3 Nf6 5. d3 h6 6. Na4 d6 7. Nxc5 dxc5 8.
Be3 Qe7 9. Qe2 O-O 10. O-O-O Na5 11. Nd2 Be6 12. f4 Nxc4 13. Nxc4 Rad8 14. fxe5
Bg4 15. exf6 Qe6 16. Qf2 Bxd1 17. fxg7 Kxg7 18. Bxc5 Rfe8 19. Rxd1 h5 20. Rf1
Rd7 21. Kb1 b6 22. Bd4+ Kh7 23. Bc3 Rf8 24. Qh4 Qg6 25. Ne5 Qh6 26. Nxd7 Rg8
27. Nf6+ Kg7 28. Ng4+ Kf8 29. Qd8# 1-0

[Event "3. ODEM U25 2006"]
[Site "Willingen GER"]
[Date "2006.06.04"]
[Round "2"]
[White "Biebinger, Eva"]
[Black "Alt, Johannes"]
[Result "1-0"]
[Termination "normal"]
[Board "50"]
[WhiteElo "1344"]
[BlackElo "677"]
[PlyCount "67"]
[BlackFideId "24661074"]
[EventCountry "GER"]
[EventRounds "9"]
[EventType "swiss"]
[EventDate "2006.06.03"]

1. c4 e5 2. Nc3 Nf6 3. g3 Nc6 4. Bg2 d5 5. cxd5 Nd4 6. e3 Nf5 7. Nge2 Bb4 8. a3
Bxc3 9. Nxc3 c6 10. e4 Nd6 11. d3 Bg4 12. Qc2 Qd7 13. h4 Rc8 14. Be3 cxd5 15.
exd5 O-O 16. Qd2 Bf5 17. Bg5 Ng4 18. Ne4 h6 19. Be3 Nxe3 20. Qxe3 Rc2 21. b4
Rfc8 22. O-O Bh3 23. Bxh3 Qxh3 24. Nxd6 Rd8 25. Qxe5 Rd2 26. Qf5 Qxf5 27. Nxf5
Rxd5 28. Ne7+ Kf8 29. Nxd5 Rxd3 30. Rfd1 Rxd1+ 31. Rxd1 b5 32. Re1 f5 33. Re7
h5 34. Rxa7 1-0

[Event "3. ODEM U25 2006"]
[Site "Willingen GER"]
[Date "2006.06.04"]
[Round "2"]
[White "Holle, Eric"]
[Black "Tsoumanis, Konstantinos"]
[Result "0-1"]
[Termination "normal"]
[Board "51"]
[WhiteElo "878"]
[BlackElo "1322"]
[PlyCount "76"]
[WhiteFideId "4624610"]
[EventCountry "GER"]
[EventRounds "9"]
[EventType "swiss"]
[EventDate "2006.06.03"]

1. e4 e5 2. Nf3 Nc6 3. Bc4 Bc5 4. O-O d6 5. h3 Nf6 6. d3 Be6 7. Bb3 Qd7 8. Bg5
O-O-O 9. Qd2 h6 10. Be3 Bxe3 11. Qxe3 g5 12. Bxe6 Qxe6 13. Nh2 Nh5 14. Nc3 Nf4
15. Nb5 Kb8 16. a4 Nd4 17. Rfc1 Nfe2+ 18. Kh1 Nxc1 19. Rxc1 Nxb5 20. axb5 d5
21. Ra1 d4 22. Qd2 Qb6 23. Qb4 Qd6 24. Qa5 Qb6 25. Qb4 c5 26. Qb3 Rhf8 27. Nf3
f6 28. c3 dxc3 29. bxc3 Rxd3 30. Qc4 Rfd8 31. Kh2 Rd1 32. Ra2 Rb1 33. Qf7 Rxb5
34. Qh7 Rb2 35. Ra1 Rxf2 36. Qxh6 Qb2 37. Rg1 Rxf3 38. Kh1 Rf2 0-1